| 000 | 00574nam a2200181Ia 4500 | ||
|---|---|---|---|
| 003 | GCL | ||
| 008 | 140319s9999 xx 000 0 ara d | ||
| 040 |
_aGCL / _cGCL |
||
| 082 | 0 | 4 |
_a330.15 _bا ا |
| 100 | 1 | _aاحمد محمد عبدالخالق | |
| 245 | 1 | 0 |
_aالاقتصاد السياسى / _cاحمد محمد عبدالخالق |
| 300 | _a127 ص | ||
| 490 |
_aالهيئة العامة للاستعلامات _v0 |
||
| 650 | 0 | 4 | _aالاقتصاد |
| 650 | 0 | 4 | _aالتخطيط الاقتصادى |
| 650 | 0 | 4 | _aالمذاهب الاقتصادية |
| 942 |
_2ddc _cBK |
||
| 999 |
_c46971 _d46971 |
||